000 00283nam a22001337a 4500
008 180110b xxu||||| |||| 00| 0 eng d
020 _a9781574718225
041 _aeng
080 _a37
100 _a46
101 _aEDU
245 _aWRITING SUCCESS
_cHETZEL.J
942 _2udc
_cBK
999 _c40015
_d40015